1086 1949 1476 1013 1705 1735 1813 1493 1339 1689 1852 1365 1196 1437 1589 1605 1903 1166 1980 1215 1564 1905 1823 1121 1628 1690 1266 1258 1128 1192 1223 1391 1351 1503 1737 1015 1669 1679 1318 1654 1611 1424 1399 1339 1379 1243 1329 1728 1191 1011 1950 1230 1948 1109 1709 1211 1108 1196 1319 1034 1066 1300 1913 1076 1258 1033 1116 1826 1171 1330 1700 1199 1178 1315 1931 1195 1629 1393 1523 1646 1559 1989 1943 1739 1750 1995 1611 1256 1590 1286 1923 1518 1977 1092 1381 1280 1417 1615 1082 BCNSPRNW ULIB Ver.6.0+V

เปลี่ยนเป็นภาษาไทย

Change to English
 แสดงรายละเอียดบรรณานุกรม
  กลับหน้าหลัก

Brief Record : Get Marc (ISO 2709) : E-mail record : QR code < ปิดหน้าต่าง
LEADER : 00000nam 2200000uu 4500
001    13399115118
003     ULIB
008    120710s2008||||th 000 0 tha d
020    ^a9781405332699
060  0 ^aQS13^bw783I
245 00 ^aIllustrated encyclopedia of animals/^ceditor-in-chief
260    ^aLondon :^c2008
300    ^a624 p. :^bcol. ill. ;^c27 cm.
650  0 ^aAnimals^vEncyclopedias
700 1  ^aBurnie, David
945    ^p0^l0^i17654
945    ^p0^l0^i17653
999 ^a ใช้งานได้ทุกระบบ
รายการนี้ยังไม่มีแท็ก
คุณยังไม่ได้ล็อกอิน คุณสามารถมีกิจกรรมร่วมกับเว็บไซต์ได้ แต่ต้องล็อกอินก่อน ::
  ล็อกอิน

รายการสื่อสารสนเทศ

ลำดับที่ ประเภท เลขเรียก/บาร์โค้ด สถานที่ สถานะ
1. วิทยาศาสตร์การแพทย์ และสุขภาพ
วิทยาศาสตร์การแพทย์ และสุขภาพ
QS13 w783I ฉ.2 
  Barcode: 17653
ห้องสมุดวิทยาเขตสวรรค์ประชารักษ์
►หนังสือทั่วไป
บนชั้น

BibComment


ยังไม่เคยถูกคอมเมนท์

คอมเมนท์ทรัพยากรรายการนี้
  คอมเมนท์: Illustrated ency..


 Copyright 2026. Bcnsprnw @Library